000 00677nam a2200205Ii 4500
003 JO-AjNU
008 230605s9999||||xx |||||||||||||| ||und||
017 _a2003/8/1626
040 _aJO-AjNU
_bara
_erda
_cJO-AjNU
041 _aara
050 1 4 _aPJ7826.H38.A15 2003
100 3 _aغنما، ماجد ذيب,
_eauthor
_952701
245 0 0 _aالخاتم الذهبي: قصص قصيرة
264 3 1 _aعمان: منشورات أمانة عمان الكبرى، 2003
300 _a88ص
336 _atext
_btxt
_2rdacontent
337 _aunmediated
_bn
_2rdamedia
338 _avolume
_bnc
_2rdacarrier
650 4 _aالادب العربي - القصص القصيرة
_952702
999 _aA23361
_c26929
_d26929